00640 2200229 4500001002100000005001700021008004100038020002200079035002400101041000800125043001300133082001100146090002200157100002100179245008100200250001000281260002700291300002900318650001900347700002200366999002200388YOGYA-0711000000080420110715105046.0 ind  a978-979-29-1685-0 0010-071100000000804 aInd aYOPD DIY a006.68 aDEP 006.68bSug S aSUGIANTO, Mikael aSeri belajar cepat coreldraw X 5cMikael Sugianto ; editor, Maria Agustina S aCet 1 aYogyakartabAndic2010 aviii, 20 hmbilusc21 cm aCorel Draw X 5 aAgustina S, Maria aCB-D.11 2010-1797